| 000 | 00517nam a22001937a 4500 | ||
|---|---|---|---|
| 003 | CEME | ||
| 005 | 20210628202453.0 | ||
| 008 | 210122b xxu||||| |||| 00| 0 eng d | ||
| 020 | _a81-7554-282-9 | ||
| 040 | _c. | ||
| 082 | _a658.3 JOY | ||
| 100 |
_aJoy-Matthews, Jennifer Megginson, David Surtees, Mark _960042 |
||
| 245 | _aHuman resource development | ||
| 250 | _a3RD | ||
| 260 |
_aNEW DLEHI _bKOGAN PAGE _c2004 |
||
| 300 | _aIX,309 P | ||
| 650 |
_aHUMAN RESOURCE DEVELOPMENT.HRD _960043 |
||
| 942 |
_cBK _2ddc |
||
| 999 |
_c569880 _d569880 |
||